00000000cam 2200000zi 4500
0019.958192
003CaOODSP
00520251215103807
006m     o  d f      
007cr |n|||||||||
008251211s1930    nscd    ob   f|0| 0 eng d
040 |aCaOODSP|beng|erda|cCaOODSP
043 |an-cn---
0861 |aFs52-5/32-1930E-PDF
1001 |aChipman, H. Ritchie, |eauthor.
24514|aThe effect of salt solutions on the weight of codfish muscle / |cH. Ritchie Chipman.
264 1|aHalifax : |bBiological Board of Canada, |c1930.
300 |a1 online resource (12, [2] pages) : |bcharts.
336 |atext|btxt|2rdacontent
337 |acomputer|bc|2rdamedia
338 |aonline resource|bcr|2rdacarrier
4901 |aManuscript reports of the experimental stations ; |vno. 32
500 |aDigitized edition from print [produced by Department of Fisheries and Oceans].
504 |aIncludes bibliographical references (page 12).
520 |a"The present investigations developed from some experiments on salt penetration which were being carried out at the same time as Dr. Ross was investigating muscle shrinkage, and show the effect of various ions in the salt solutions upon the weight of the muscle"--page 1.
650 0|aSalted fish|xExperiments.
650 6|aPoisson salé|xExpériences.
7102 |aBiological Board of Canada, |eissuing body.
830#0|aManuscript reports of the experimental stations ;|vno. 32.|w(CaOODSP)9.948621
85640|qPDF|s5.14 MB|uhttps://publications.gc.ca/collections/collection_2025/mpo-dfo/fs52-5/Fs52-5-32-1930-eng.pdf